| 000 | 00551nam a2200205Ia 4500 | ||
|---|---|---|---|
| 001 | 1410 | ||
| 003 | GE_BSU | ||
| 008 | 181216s||||||||xx |||||||||||||| ||und|| | ||
| 040 | _cGE_BSU | ||
| 080 | _a631.8 | ||
| 100 | _aГамкрелидзе,И.Д; | ||
| 245 | _aСистема удобрения цитрусовых садов | ||
| 260 | _aМосква | ||
| 260 | _bКолос | ||
| 260 | _c1971 | ||
| 300 | _a215с. 19 см. | ||
| 541 | _h5 л. | ||
| 653 | _aСистема Удобрения цитрусовых садов | ||
| 942 | _cBK | ||
| 999 |
_c35549 _d35549 |
||